5 miast w Katalonii z największą populacją. - Statystyki

Ogólne statystyki
  • Ten quiz został rozwiązany 46 razy
  • Średni wynik to 1 z 5
Statystyki odpowiedzi
Populacja Miasto % Poprawnych
1,636,762 Barcelona
100%
220,440 Badalona
25%
264,923 L'Hospitalet de Llobregat
8%
213,644 Sabadell
8%
220,556 Terrassa
8%
Nie znaleziono quizów pasujących do podanych kryteriów
Rozkład punktacji
Procent ludzi z każdym wynikiem
Percentyl według liczby udzielonych odpowiedzi
Twoja historia wyników
Nie rozwiązałeś tego quizu